000 00469nam a22001577a 4500
999 _c18557
_d18557
008 201007b xxu||||| |||| 00| 0 eng d
020 _a0596529550
050 _aTK5105.52
_b.J67 2007 c.1
100 _aJosuttis, Nicolai M.
245 _aSOA in Practice
_bthe art of distributed system design
_cNicoloai M. Josuttis
260 _aUSA
_bO'reilly
_c2007
300 _axv, 324p.
650 _aComputer network architectures
650 _aWeb services
942 _2lcc
_cBK